000 00597nam a2200217Ia 4500
005 20250508165015.0
008 008 250505s9999 xx 000 0 eng d
020 _a978-1-4129-7576-6
037 _aTextual
040 _aFEDL
_beng
_cFEDL
041 _aeng
_2eng
084 _a001.422, WEI
_qFEDL
100 _aWeinbach Robert W
_9779683
245 0 _aStatistics for social workers
250 _a4
260 _aNew York, USA
_bLongman
_c1998
300 _axvi,258p.
700 _a Grinnell Richard M
_9779684
942 _cTEXL
_h001.422, WEI
999 _c1392612
_d1392612